000 00246nam a2200109Ia 4500
008 230917s9999||||xx |||||||||||||| ||und||
040 _e192076
_aMAIN
041 _aEnglish
100 _aLekhraj Singh
245 0 _aBhoogol ki prakriti
942 _cBK
999 _c71034
_d71034